[Event "FRA-ch op-C"]
[Site "Chartres"]
[Date "2005.??.??"]
[Round "6"]
[White "Mopin, Stephane"]
[Black "Falais, Jean Francois"]
[Result "1-0"]
[WhiteElo "1700"]
[BlackElo "1700"]
[PlyCount "140"]
[EventDate "2005.08.15"]
[EventType "swiss"]
[EventRounds "11"]
[EventCountry "FRA"]
[SourceTitle "EXT 2006"]
[Source "ChessBase"]
[SourceDate "2005.11.24"]
[SourceVersion "1"]
[SourceVersionDate "2005.11.24"]
[SourceQuality "1"]

1. e4 d5 2. exd5 Qxd5 3. Nc3 Qe5+ 4. Be2 c6 5. d4 Qc7 6. Nf3 Bg4 7. h3 Bxf3 8. Bxf3 e6 9. Be3 Bb4 10. a3 Bxc3+ 11. bxc3 Nf6 12. c4 Nbd7 13. 0-0 h6 14. a4 Nh7 15. Qd2 g5 16. a5 Ke7 17. Qb4+ Kf6 18. Rfb1 Rab8 19. d5 c5 20. Qb2+ Kg6 21. dxe6 fxe6 22. Bxb7 Nhf6 23. a6 h5 24. Qc3 g4 25. h4 Kf7 26. Qd2 Rhd8 27. Qe2 Qe5 28. Rd1 Nb6 29. Ra5 Rxd1+ 30. Qxd1 Nfd7 31. Qd3 Kg7 32. Bd2 Qc7 33. Bc3+ Nf6 34. Qe3 Nbd7 35. Bxf6+ Kxf6 36. Qg5+ Kf7 37. Qxh5+ Ke7 38. Ra1 Qe5 39. Qxe5 Nxe5 40. Re1 Kf6 41. Re4 Rd8 42. Rf4+ Ke7 43. Kf1 Rd2 44. Be4 Rd1+ 45. Ke2 Rd4 46. Ke3 Nxc4+ 47. Ke2 Nd6 48. f3 gxf3+ 49. gxf3 Nf5 50. Rg4 Nd6 51. Bd3 Rxg4 52. fxg4 c4 53. Bg6 Kf6 54. h5 Nb5 55. Ke3 Nc7 56. Kd4 Nxa6 57. Kxc4 Nc7 58. Be4 Ne8 59. Kc5 a5 60. Bf3 Nc7 61. c4 e5 62. Bd1 Ne8 63. Kb6 Nd6 64. c5 Nc4+ 65. Kb5 Ne3 66. c6 Nxd1 67. c7 Nc3+ 68. Kc5 Na4+ 69. Kc6 e4 70. c8Q e3 1-0